000 00725nam a22001937a 4500
008 160723b xxu||||| |||| 00| 0 eng d
020 _a0-324-53668-2
082 _22007
_aDC 333.71
_bT36
100 _911735
_aThomas, Janet M.
245 _aEnvironmental economics :
_bapplications, policy, and theory/
_cJanet M. Thomas, Scott J. Callan.
250 _aInternational Student Edition
260 _aAustralia :
_bSouth-Western Cengage Learning,
_cc2007.
300 _axvii, 464 pages:
_billustrations;
_c25 cm.
500 _aIncludes bibliographical references and index.
650 0 _911738
_aEconomic development
_xEnvironmental aspects
700 _911739
_aCallan, Scott J.
365 _b4,250.00
_cPhp
942 _2ddc
_cDC
999 _c3525
_d3525